00561nam a22001697a 450000500170000001000170001702000230003402000260005703500170008303700180010010000180011824501010013626000360023727000430027330000250031650000500034120120206110714.0 aB-452394-398 a8125015655c695.00 a9788125032601c695.00 aB-452394-398 bVirtuous Pub. aRao,C.V.Subba aHyderabad :cby Joyce Burkhalter Flueckigerbthe social context of industrialisation,1875-1948 / aNew DelhibOrient Longmanc2007 a1/24 Asaf Ali Road,bNew Delhie110002 axxii,218p.c22cm(Hb) aIncludes bibliographical references and index